| 000 | 00542nmm a2200169Ia 4500 | ||
|---|---|---|---|
| 008 | 251105s9999||||xx |||||||||||||||||und|| | ||
| 020 | _a9788476588192 | ||
| 041 | _aspa | ||
| 100 | _aGarcía Gutierrez, Antonio | ||
| 245 | 0 |
_aDesclasificados : _b Pluralismo lógico y violencia de la clasificación |
|
| 264 |
_a[Madrid, España] : _bAnthropos, _c2007 |
||
| 300 | _a143 páginas | ||
| 490 | _aHuellas: memoria y texto de creación | ||
| 650 | _aPhilosophy, Ethics | ||
| 856 | _uhttps://public.digitaliapublishing.com/a/131 | ||
| 942 | _cCF | ||
| 999 |
_c85160 _d85160 |
||